000 00822nam a2200217Ia 4500
999 _c36194
_d36194
001 2097
003 GE_BSU
005 20221024122240.0
008 181216s1991ru xx |||||||||||||| ||rus||
020 _a5060008223
040 _cGE_BSU
041 _arus
_heng
080 _a78 В-78
245 _aВ мире музыки :
_bКнига для чтения на английском языке
264 _aМосква :
_bВысшая школа,
_c1991.
300 _a141 стр.:
_b20 см.
653 _aВ мире музыки. Книга для чтения на английском языке
653 _aმუსიკის სამყაროში. წიგნი ინგლისურ ენაზე წასაკითხად
653 _aხელოვნება
942 _cBK
_2udc